| 000 | 00933cam a22001934a 4500 | ||
|---|---|---|---|
| 005 | 20250605164137.0 | ||
| 008 | 250528s ||||||||||||||||||||||||d | ||
| 035 | _a18825 | ||
| 020 | _a5915893 | ||
| 040 |
_aGR-AtMCL _bgre _dGR-AtMCL _eAACR2 |
||
| 245 | 1 | _aDewey on Education / Selections with an Introduction and Notes by Martin S. Dworkin | |
| 260 |
_bTeachers College Press, _c1959 |
||
| 300 | _a134 | ||
| 520 | _aThe classics in Education series presents the sources of our educational heritage. John Dewey: A Centennial Review, My Pedagogy Creed, The School and Society, The School and Social Progress, The School and the Life of the Child, Waste in Education, The Child and the Curriculum, Progressive Education and the Science of Education, Introduction by John Dewey to the Use of Resources in Education by Elsie Ripley Clapp. | ||
| 700 | 1 |
_aDworkin Martin S _95088 |
|
| 942 | _cBK | ||
| 999 |
_c4137 _d4137 |
||